00392 2200157 4500001002100000005001500021035002000036245004500056100001600101300002600117260003500143082000800178084001400186020002200200990001200222INLIS00000000000300320250918090447 a0010-09250003501 aSemua Indah Pada Waktunya /cEko Hartono0 aEko Hartono a260 hlm ;c13 x 19 cm aJakarta :bRumah Oranye,c2014 a813 a813 EKO s a978-602-1588-57-4 a0755630